Catalog

Record Details

Catalog Search



Husitská revoluce, Díl 1. :   Doba vymknutá z kloubů /  Cover Image Book Book

Husitská revoluce, Díl 1. :  Doba vymknutá z kloubů /  František Šmahel

Record details

  • ISBN: 80-7184-073-4
  • Physical Description: 500 s.
  • Edition: 2. vyd.
  • Publisher: Praha :  Karolinum ,  1993

Available copies

  • 1 of 1 copy available at Common Catalog SPOK.

Holds

  • 0 current holds with 1 total copy.
Show All Copies
Location Call Number / Copy Notes Barcode Shelving Location Status Due Date
ETS Library 943.70224 424470005817 Volný výběr Available -

LDR 00674nam a2 00241
00140467
003CZ-PrJAB
00520201015101006.0
008031121s1993 xr e |||| |cze
009cz
020 . ‡a80-7184-073-4
035 . ‡a(CONS)3855
035 . ‡aKPS5558
041 . ‡acze
08214. ‡a943.70224
100 . ‡72386 ‡aŠmahel, František
245 . ‡aHusitská revoluce, Díl 1. :  ‡b Doba vymknutá z kloubů /  ‡cFrantišek Šmahel
250 . ‡a2. vyd.
260 . ‡aPraha :  ‡bKarolinum ,  ‡c1993
300 . ‡a500 s.
653 . ‡aHusitská revoluce ‡aDoba vymknutá z kloubů
8524 . ‡bETS ‡bETS ‡cVolný výběr ‡j943.70224 ‡gA ‡p424470005817
910 . ‡aABG450
999 . ‡a3855 ‡bAUTOGEN ‡c3855 ‡tbiblio
905 . ‡uadmin
901 . ‡a40467 ‡bCZ-PrJAB ‡c40467 ‡tbiblio ‡sets

Additional Resources